000 00519nam a2200205 a 4500
001 BRCA_3571
005 20190320204334.0
008 040809s1962----nyu#---###---#000-0#eng-#
041 _aeng
044 _anyu
050 4 _aPZ3
_b.F38 1962
100 1 _aFaulkner, William
_99271
245 1 0 _aThe reivers
_bA reminiscense
_cWilliam Faulkner.
260 _aNew York
_bRandom House
_c1962
300 _a305 p.
_c21 cm.
500 _aB239
650 1 4 _aLiteratura estadounidense
_99272
902 _aGFM
942 _2lcc
_cB
999 _c3306
_d3306